00466nam a2200157Ia 450000500170000000800460001703700120006304000200007504100130009508400210010810000160012924500270014524500660017226000550023830000150029320250508151837.0008 250505s9999 xx 000 0 eng d aTextual aFEDLbengcFEDL aeng2eng a294.3, BAPqFEDL aBapat P. V. 0a2500 years of Buddhism 0cGovernment of India. Ministry of Information and Broadcasting aNew Delhi, IndiabThe Publications Division c1956 axxiv,503p.